İslam tarihinde ilk siyasi hareketler (Record no. 19870)

000 -LEADER
fixed length control field 00897nmm a2200277 a 4500
001 - CONTROL NUMBER
control field ocm0002146155
003 - CONTROL NUMBER IDENTIFIER
control field TR-IsHL
005 - DATE AND TIME OF LATEST TRANSACTION
control field 20201028182019.0
008 - FIXED-LENGTH DATA ELEMENTS--GENERAL INFORMATION
fixed length control field 190121s2011 tu tur
007 - PHYSICAL DESCRIPTION FIXED FIELD--GENERAL INFORMATION
fixed length control field cr cn
020 ## - INTERNATIONAL STANDARD BOOK NUMBER
International Standard Book Number 9786056194597
035 ## - SYSTEM CONTROL NUMBER
System control number 2146155
-- (N$T)
050 04 - LIBRARY OF CONGRESS CALL NUMBER
Classification number BP50.A357
Item number I85 2011
090 04 - LOCALLY ASSIGNED LC-TYPE CALL NUMBER (OCLC); LOCAL CALL NUMBER (RLIN)
Classification number (OCLC) (R) ; Classification number, CALL (RLIN) (NR) BP50.A357
Local cutter number (OCLC) ; Book number/undivided call number, CALL (RLIN) I85 2011
100 1# - MAIN ENTRY--PERSONAL NAME
Personal name Ağırakça, Ahmet
245 10 - TITLE STATEMENT
Title İslam tarihinde ilk siyasi hareketler
Medium [electronic resource] /
Statement of responsibility, etc. Ahmet Ağırakça
250 ## - EDITION STATEMENT
Edition statement 3. Baskı
260 ## - PUBLICATION, DISTRIBUTION, ETC.
Place of publication, distribution, etc. İstanbul :
Name of publisher, distributor, etc. Akdem Yayınları,
Date of publication, distribution, etc. 2011
300 ## - PHYSICAL DESCRIPTION
Extent 448 p.
650 #4 - SUBJECT ADDED ENTRY--TOPICAL TERM
Topical term or geographic name entry element Felsefe, Psikoloji ve Din
650 #4 - SUBJECT ADDED ENTRY--TOPICAL TERM
Topical term or geographic name entry element Philosophy, Psychology and Religion
650 #0 - SUBJECT ADDED ENTRY--TOPICAL TERM
Topical term or geographic name entry element İslam
General subdivision Tarih
650 #0 - SUBJECT ADDED ENTRY--TOPICAL TERM
Topical term or geographic name entry element Islam
General subdivision History
650 #7 - SUBJECT ADDED ENTRY--TOPICAL TERM
Topical term or geographic name entry element HISTORY / Middle East / General
Source of heading or term bisacsh
856 40 - ELECTRONIC LOCATION AND ACCESS
Uniform Resource Identifier <a href="http://search.ebscohost.com/login.aspx?direct=true&scope=site&db=e011xww&AN=2146155">http://search.ebscohost.com/login.aspx?direct=true&scope=site&db=e011xww&AN=2146155</a>
Holdings
Withdrawn status Lost status Source of classification or shelving scheme Damaged status Not for loan Collection code Permanent Location Current Location Date acquired Total Checkouts Full call number Barcode Date last seen Price effective from Koha item type
        Online   Kıbrıs Amerikan Üniversitesi Kütüphanesi / American University of Cyprus Kıbrıs Amerikan Üniversitesi Kütüphanesi / American University of Cyprus 28.10.2020   BP50.A357 I85 2011 2146155 28.10.2020 28.10.2020 E-Kitap
Devinim Yazılım Eğitim Danışmanlık tarafından Koha'nın orjinal sürümü uyarlanarak geliştirilip kurulmuştur.